Sức bền vật liệu

Sparad:
Bibliografiska uppgifter
Huvudupphovsman: PHẠM NGỌC KHÁNH
Materialtyp: Bok
Språk:Undetermined
Publicerad: Xây dựng 2002
Taggar: Lägg till en tagg
Inga taggar, Lägg till första taggen!
Thư viện lưu trữ: Trung tâm Học liệu Trường Đại học Cần Thơ
LEADER 00407nam a2200145Ia 4500
001 CTU_49095
008 210402s9999 xx 000 0 und d
082 |a 620.112 
082 |b Kh107 
100 |a PHẠM NGỌC KHÁNH 
245 0 |a Sức bền vật liệu 
245 0 |c PHẠM NGỌC KHÁNH 
260 |b Xây dựng 
260 |c 2002 
980 |a Trung tâm Học liệu Trường Đại học Cần Thơ